000 00606nam a2200193Ia 4500
005 20250507130149.0
008 008 250505s9999 xx 000 0 eng d
037 _aDIS
040 _aEASL
_beng
_cEASL
041 _aeng
_2eng
084 _a0000152
_qEASL
100 _aShruti
245 0 _aSino-Indian border dispute in the eastern sector - A case study of Arunachal Pradesh Dr. Janardhan Sahu
260 _aIndia
_bUnivesity of Delhi. Social Sciences. East Asian Studies (Delhi India)
_c2011
300 _a145p.
650 _aCEL
942 _cDIS
_h0000152
999 _c1318040
_d1318040